00639 2200229 4500001002100000005001500021035002000036007000300056008004100059020002200100082001200122084001800134100002000152245008400172250001000256260003500266300003200301650002100333700001400354520003000368990001100398INLIS00000000000669320210301014509 a0010-0321000063ta210301 g 0 ind  a978-602-1279-01-4 a332.024 a332.024 RIN h0 aRINA, Dewi Lina1 aHemat 'Bisa Miskin, Boros 'Pasti' Kaya! /cRina Dewi Lina; penyunting, E. Marta acet.1 aJakarta :bPenebar Plus,c2014 a206 hal. :bilus. ;c20 cm. 4aKEUANGAN PRIBADI0 aMARTA, E. aBibliografi : hal.205-206 a7955 a